[Event "Mistrzostwa Polski Mlodzikow do lat 10 - Chlopcy"]
[Site "Karpacz"]
[Date "1899-12-30"]
[Round "3.31"]
[White "Baszczynski, Gabriel"]
[Black "Raclawicki, Tymoteusz"]
[Result "0-1"]
[WhiteTitle "III"]
[BlackTitle "III"]
[WhiteElo "1059"]
[BlackElo "1229"]

1. Nf3 d5 2. g3 Nf6 3. Bg2 Nbd7 4. d4 c6 5. O-O Ng4 6. h3 Ngf6 7. Nbd2 Qc7 8. b3
h6 9. Bb2 g5 10. c4 g4 11. hxg4 Nxg4 12. e4 e6 13. Re1 Ndf6 14. e5 Nd7 15. Qc2
Nb6 16. Nh4 Qd8 17. f3 Be7 18. fxg4 Bxh4 19. gxh4 Qxh4 20. Nf3 Qxg4 21. c5 Nd7
22. Qf2 Rg8 23. Re2 b6 24. Rf1 Ba6 25. Nh2 Qh5 26. Ree1 O-O-O 27. Qxf7 Qg5 28.
Rf2 Rdf8 29. Bc1 Qg3 30. Bf4 Qxf2+ 31. Kxf2 Rxf7 32. Kf3 Rgf8 33. Bh3 Rxf4+ 34.
Kg3 Re4 35. Rc1 Re3+ 36. Kg2 Rg8+ 37. Bg4 h5 38. Kf2 Rd3 39. Bxe6 Rd2+ 40. Ke3
Re2+ 41. Kf3 Rf8+ 42. Kg3 Rff2 43. Nf3 Rg2+ 44. Kh3 Ref2 45. Nh4 Rh2+ 46. Kg3
Rxa2 47. cxb6 Rac2 48. bxa7 Bb7 49. Ra1 Ra2 50. Rf1 Rhb2 51. Rf7 Rxb3+ 52. Nf3
Raa3 53. Rxd7 Rxf3+ 54. Kh4 Rh3+ 55. Bxh3 Rxh3+ 56. Kxh3 Kxd7 57. Kh4 Ke6 58.
Kxh5 c5 59. dxc5 Kxe5 60. Kg4 Ke4 61. Kg3 Ke3 62. Kg2 Ke2 63. Kg3 d4 64. Kf4 d3
65. Ke5 d2 66. Kd6 d1=Q+ 67. Kc7 Qd5 68. Kb8 Qd7 69. a8=Q Qc8+ 70. Ka7 Qxa8+ 71.
Kb6 Qa6+ 72. Kc7 Qc6+ 73. Kb8 Qxc5 74. Kxb7 Ke3 75. Ka6 Ke4 76. Kb7 Ke5 77. Ka6
Qb4 78. Ka7 Kd6 79. Ka6 Kc6 80. Ka7 Qb7# 0-1

[Event "Mistrzostwa Polski Mlodzikow do lat 10 - Chlopcy"]
[Site "Karpacz"]
[Date "1899-12-30"]
[Round "3.32"]
[White "Stanik, Szymon"]
[Black "Michno, Mateusz"]
[Result "0-1"]
[WhiteTitle "II"]
[BlackTitle "III"]
[WhiteElo "1053"]
[BlackElo "1213"]

1. e4 e5 2. Nf3 Nc6 3. Bc4 Bc5 4. O-O Nf6 5. d3 d6 6. c3 a6 7. Bb3 O-O 8. Nbd2
Ne7 9. Re1 Ng6 10. h3 Bd7 11. Nf1 Qc8 12. h4 Bg4 13. Bg5 Qd8 14. Ne3 Bxe3 15.
fxe3 h6 16. Bxf6 Qxf6 17. Rf1 Nxh4 18. Nxh4 Qxh4 19. Qe1 Qh5 20. Qf2 Be2 21. Rfe1
Bxd3 22. Bd1 Qg6 23. Bb3 Bxe4 24. Rad1 Kh8 25. Rf1 f5 26. Bc2 f4 27. Bxe4 Qxe4
28. exf4 Rxf4 29. Qd2 Raf8 30. Rxf4 Qxf4 31. Qxf4 Rxf4 32. Kh2 g5 33. g3 Rf2+
34. Kh3 Rxb2 35. Ra1 Rc2 36. Kg4 Rxc3 37. Kh5 Kg7 38. Kg4 Kg6 39. Rh1 Rc4+ 40.
Kf3 h5 41. Rb1 b5 0-1

[Event "Mistrzostwa Polski Mlodzikow do lat 10 - Chlopcy"]
[Site "Karpacz"]
[Date "1899-12-30"]
[Round "3.33"]
[White "Borowik, Karol"]
[Black "Labedzki, Kamil"]
[Result "0-1"]
[WhiteTitle "III"]
[BlackTitle "II"]
[WhiteElo "1016"]
[BlackElo "1131"]

1. d4 Nf6 2. c4 c6 3. Nc3 d5 4. Bg5 Bf5 5. Nf3 Nbd7 6. cxd5 cxd5 7. e3 a6 8. Be2
e6 9. a3 Bd6 10. Bd3 Bxd3 11. Qxd3 Qb6 12. Qc2 Rc8 13. O-O O-O 14. Bxf6 Nxf6 15.
Nd2 Qc7 16. Qd3 Bxh2+ 17. Kh1 Ng4 18. Nf3 Bd6 19. Ng5 Nf6 20. Rfc1 Kh8 21. g3
Qb6 22. Nxd5 Rxc1+ 23. Rxc1 exd5 24. Kg2 h6 25. Rh1 Qxb2 26. Rb1 Qxa3 27. Nf3
Qxd3 28. Rxb7 a5 29. Rb6 Qe2 30. Rxd6 Ne4 31. Ng1 Qxf2+ 32. Kh3 Qxg3# 0-1

[Event "Mistrzostwa Polski Mlodzikow do lat 10 - Chlopcy"]
[Site "Karpacz"]
[Date "1899-12-30"]
[Round "4.1"]
[White "Fiszer, Bartosz"]
[Black "Dziewonski, Dariusz"]
[Result "1/2-1/2"]
[WhiteTitle "CM"]
[BlackTitle "II+"]
[WhiteElo "1651"]
[BlackElo "1476"]

1. e4 c5 2. Nf3 e6 3. d4 cxd4 4. Nxd4 a6 5. Bd3 Nf6 6. O-O Qc7 7. Nc3 d6 8. Kh1
Nbd7 9. Be3 b5 10. a4 b4 11. Na2 a5 12. c3 bxc3 13. Nxc3 Nc5 14. Rc1 Be7 15. Ndb5
Qd8 16. Bxc5 dxc5 17. e5 Nd5 18. Be4 Bb7 19. Nxd5 Bxd5 20. Bxd5 exd5 21. Qxd5
Qxd5 22. Nc7+ Kd7 23. Nxd5 Rhb8 24. Rfd1 Ra7 25. Nc3+ Ke6 26. Rc2 Rab7 27. Rdd2
Kxe5 28. Re2+ Kf5 29. Nd5 Bd6 30. Ne3+ Kg6 31. Nc4 Bc7 32. g4 Rb4 33. Re7 Bd8
34. Re5 Rxa4 35. Rxc5 Bf6 36. h4 h6 37. h5+ Kh7 38. Kg2 Rab4 39. f3 a4 40. Kg3
Bxb2 41. Nxb2 Rxb2 42. Rxb2 Rxb2 43. Ra5 Rb4 44. Ra7 f6 45. Ra8 g5 46. hxg6+ Kxg6
47. Ra5 Kf7 48. Ra6 Ke7 49. Kh4 Rb3 50. Rxa4 Rxf3 51. Kh5 Rh3+ 52. Kg6 Rh4 53.
Re4+ Kd6 54. Kxf6 h5 55. Re6+ Kd7 1/2-1/2

[Event "Mistrzostwa Polski Mlodzikow do lat 10 - Chlopcy"]
[Site "Karpacz"]
[Date "1899-12-30"]
[Round "4.2"]
[White "Demski, Michal"]
[Black "Karwacki, Piotr"]
[Result "0-1"]
[WhiteTitle "II"]
[BlackTitle "II+"]
[WhiteElo "1305"]
[BlackElo "1536"]

1. e4 c5 2. Nf3 d6 3. d4 cxd4 4. Nxd4 Nf6 5. Nc3 a6 6. Be3 e5 7. Nb3 Be7 8. f3
Be6 9. Qd2 O-O 10. O-O-O a5 11. Qe1 Qc8 12. Na4 Nbd7 13. Kb1 Qc6 14. Nc3 Bc4 15.
Bxc4 Qxc4 16. a4 Rfc8 17. Qf2 b5 18. Nxb5 d5 19. exd5 Nxd5 20. f4 N7f6 21. Qd2
Bb4 22. Qd3 Qxd3 23. Rxd3 e4 24. Rxd5 Nxd5 25. Bd4 Nc7 26. Nxc7 Rxc7 27. c3 Bd6
28. g3 Re7 29. Re1 f6 30. Kc2 Kf7 31. Bb6 f5 32. Nxa5 Bc7 33. Bxc7 Rxc7 34. b4
Ke6 35. Kb3 Rd8 36. Rc1 Rd2 37. Rc2 e3 38. Rxd2 exd2 39. Kc2 Rxc3+ 40. Kxd2 Ra3
41. Kc2 Rxa4 42. Kb3 Ra1 43. Kc4 Kd7 44. Nb3 Rh1 45. b5 Rxh2 46. Nd4 g6 47. b6
Kc8 48. Kb5 Kb7 49. Nc6 Rb2+ 50. Nb4 Rb3 51. Kc5 Rc3+ 52. Kd6 Rxg3 53. Ke6 h5
54. Nd5 h4 0-1

[Event "Mistrzostwa Polski Mlodzikow do lat 10 - Chlopcy"]
[Site "Karpacz"]
[Date "1899-12-30"]
[Round "4.3"]
[White "Klimkowski, Jan"]
[Black "Wiszniewski, Szymon"]
[Result "1-0"]
[WhiteTitle "II"]
[BlackTitle "II"]
[WhiteElo "1492"]
[BlackElo "1270"]

1. e4 c5 2. Nf3 d6 3. d4 cxd4 4. Nxd4 Nf6 5. Nc3 Nc6 6. f3 e6 7. Be3 Be7 8. Qd2
O-O 9. O-O-O a6 10. g4 Nxd4 11. Bxd4 b5 12. h4 Qa5 13. Kb1 b4 14. Ne2 e5 15. Be3
Be6 16. b3 d5 17. g5 d4 18. Bf2 Nh5 19. f4 exf4 20. Nxf4 Bg4 21. Nxh5 Bxh5 22.
Be2 Bg6 23. Bf3 f6 24. h5 fxg5 25. hxg6 Rxf3 26. gxh7+ Kh8 27. Bxd4 Rd8 28. Bxg7+
Kxg7 29. Qxd8 Qxd8 30. Rxd8 Rf1+ 31. Rxf1 Bxd8 32. h8=Q+ Kxh8 33. Rf8+ Kg7 34.
Rxd8 Kf6 35. Rd1 Ke5 36. Rg1 Kf4 37. e5 Kxe5 38. Rxg5+ Kd4 39. Ra5 Kc3 40. Rxa6
Kd2 41. Rc6 Kd1 42. Rc4 Kd2 43. Rxb4 Kc3 44. Rc4+ Kd2 45. Kb2 Ke3 46. a4 Kd2 47.
a5 Ke3 48. a6 Kd2 49. a7 Ke3 50. a8=Q Kd2 51. Qd5+ Ke3 52. Re4+ Kf3 53. Qf5+ Kg3
54. Rg4+ Kh3 55. Qh5# 1-0

[Event "Mistrzostwa Polski Mlodzikow do lat 10 - Chlopcy"]
[Site "Karpacz"]
[Date "1899-12-30"]
[Round "4.4"]
[White "Kejna, Piotr"]
[Black "Paszkowski, Krystian"]
[Result "1/2-1/2"]
[WhiteTitle "CM"]
[BlackTitle "II"]
[WhiteElo "1441"]
[BlackElo "1365"]

1. e4 e6 2. d4 d5 3. e5 c5 4. c3 Nc6 5. Nf3 Bd7 6. a3 f6 7. Bd3 Qc7 8. Qe2 O-O-O
9. O-O h6 10. b4 c4 11. Bc2 f5 12. a4 Nce7 13. Na3 g5 14. a5 Ng6 15. Qd1 g4 16.
Ne1 h5 17. Ba4 Bh6 18. Bxd7+ Qxd7 19. Bxh6 Nxh6 20. Qb1 Qe7 21. Nb5 Kb8 22. Nd6
Nf7 23. Nxf7 Qxf7 24. Qa2 Qd7 25. Rb1 Rdf8 26. b5 h4 27. Nc2 f4 28. Nb4 Ne7 29.
Qa3 Ka8 30. Qb2 Qe8 31. Qa3 Qd7 32. Qb2 Qe8 33. Qa3 Qd7 34. Qb2 Qe8 35. Qa3 Qd7
36. Qb2 1/2-1/2

[Event "Mistrzostwa Polski Mlodzikow do lat 10 - Chlopcy"]
[Site "Karpacz"]
[Date "1899-12-30"]
[Round "4.5"]
[White "Meers, Hubert"]
[Black "Grot, Blazej"]
[Result "0-1"]
[WhiteTitle "I"]
[BlackTitle "II"]
[WhiteElo "1555"]
[BlackElo "1341"]

1. e4 c5 2. Nf3 d6 3. d4 cxd4 4. Nxd4 Nf6 5. Nc3 a6 6. Be3 e6 7. f3 Be7 8. Qd2
Nc6 9. O-O-O Nxd4 10. Bxd4 b5 11. g4 e5 12. Be3 Bb7 13. h4 Rc8 14. Kb1 Qa5 15.
h5 b4 16. Nd5 Bxd5 17. exd5 Qc7 18. g5 Nd7 19. f4 a5 20. f5 Nc5 21. Bb5+ Nd7 22.
g6 Kf8 23. Rdg1 h6 24. gxf7 Bf6 25. Rg6 Nc5 26. Bc6 Ne4 27. Qg2 Ng5 28. Rg1 Qxf7
29. Qg4 Rb8 30. Rh1 Ke7 31. Ba7 Rbc8 32. Bb6 Rb8 33. Bc7 Rbc8 34. Bxa5 Rxc6 35.
dxc6 Qd5 36. Rf1 Qxa5 37. Rxg7+ Nf7 38. Rg8 Rxg8 39. Qxg8 Qb5 40. Qg2 Ng5 41.
Rd1 e4 42. c7 Qc5 43. Qd2 Qxc7 44. Qxb4 Be5 45. a4 Qc5 46. Qxc5 dxc5 47. Rd5 Bd4
48. a5 e3 49. Kc1 Nf3 50. Kd1 Ng1 51. c3 e2+ 52. Ke1 Bf6 53. Kd2 Bg5+ 54. Kc2
e1=Q 55. Rxc5 Qf2+ 56. Kb3 Qxc5 57. f6+ Kxf6 58. a6 Qb6+ 59. Kc2 Qxa6 60. Kb3
Qb5+ 61. Ka2 Bc1 62. b3 Qe2+ 0-1

[Event "Mistrzostwa Polski Mlodzikow do lat 10 - Chlopcy"]
[Site "Karpacz"]
[Date "1899-12-30"]
[Round "4.6"]
[White "Madej, Marek"]
[Black "Kozera, Dawid"]
[Result "1-0"]
[WhiteTitle "II+"]
[BlackTitle "II"]
[WhiteElo "1541"]
[BlackElo "1221"]

1. e4 c5 2. Nf3 d6 3. d4 cxd4 4. Nxd4 Nf6 5. f3 g6 6. c4 Bg7 7. Nc3 O-O 8. Be3
Nc6 9. Be2 Bd7 10. O-O Qb6 11. Rb1 Nxe4 12. Nd5 Qd8 13. fxe4 e6 14. Nc3 Ne5 15.
Qd2 Rc8 16. b3 Nc6 17. Ndb5 Bxc3 18. Qxc3 Be8 19. Bh6 a6 20. Qg7# 1-0

[Event "Mistrzostwa Polski Mlodzikow do lat 10 - Chlopcy"]
[Site "Karpacz"]
[Date "1899-12-30"]
[Round "4.7"]
[White "Kusiak, Mateusz"]
[Black "Nowak, Filip"]
[Result "0-1"]
[WhiteTitle "II"]
[BlackTitle "II"]
[WhiteElo "1221"]
[BlackElo "1389"]

1. e4 e6 2. d4 d5 3. Nd2 Nf6 4. e5 Nfd7 5. Bd3 c5 6. c3 Nc6 7. Ne2 Be7 8. Qc2 cxd4
9. cxd4 h6 10. a3 O-O 11. O-O Qb6 12. Nf3 f6 13. Nf4 fxe5 14. Bh7+ Kh8 15. Ng6+
Kxh7 16. Nxe7+ e4 17. Nxc6 bxc6 18. Be3 Ba6 19. Rfe1 Kh8 20. Nd2 Rab8 21. f3 Bd3
22. Qc3 Nf6 23. b4 Qa6 24. Rec1 Rbc8 25. h3 exf3 26. Nxf3 Ne4 27. Qe1 Bc4 28.
Ne5 Rf1+ 29. Qxf1 Bxf1 30. Rxf1 Kh7 31. Ra2 Ng3 32. Rff2 Nf5 33. Bd2 Nxd4 34.
Bc3 Nb5 35. Ba1 Rc7 36. Nd3 Qc8 37. a4 Nd6 38. Be5 Ne4 39. Rfc2 Rf7 40. Rc1 Qa6
41. Ra3 Qb6+ 42. Kh1 Nf2+ 43. Nxf2 Rxf2 44. Rg3 Rf7 45. Kh2 Qxb4 46. Rxc6 Qxa4
47. Rxe6 Qe4 48. Rg4 Qe1 49. Rd4 Rf1 0-1

[Event "Mistrzostwa Polski Mlodzikow do lat 10 - Chlopcy"]
[Site "Karpacz"]
[Date "1899-12-30"]
[Round "4.8"]
[White "Borowik, Wojciech"]
[Black "Jaskiewicz, Kacper"]
[Result "1-0"]
[WhiteTitle "II"]
[BlackTitle "II"]
[WhiteElo "1361"]
[BlackElo "1213"]

1. d4 d5 2. c4 e6 3. Nc3 Nf6 4. Bg5 Nbd7 5. e3 c6 6. Nf3 Qa5 7. a3 Ne4 8. Rc1 Nxc3
9. Rxc3 Bxa3 10. Nd2 Bxb2 11. Rc2 Bc3 12. Be2 Bxd2+ 13. Rxd2 dxc4 14. Bf4 Nf6
15. O-O Nd5 16. Be5 f6 17. Bd6 Nc3 18. Qc2 Nxe2+ 19. Rxe2 Kd7 20. Bg3 b5 21. f4
g6 22. e4 f5 23. exf5 gxf5 24. Rfe1 Kc7 25. Re5 Qb4 26. Qe2 c3 27. Bf2 a5 28.
Rc5 Kb7 29. Qe5 Rd8 30. Rc1 Rd5 31. Qg7+ Kb6 32. R5xc3 Bb7 33. Qxh7 a4 34. Qh3
a3 35. Ra1 a2 36. Rb3 Qd2 37. Qc3 Qxc3 38. Rxc3 b4 39. Rb3 Kb5 40. Rb2 Kc4 41.
Raxa2 Rxa2 42. Rxa2 b3 43. Re2 Rd6 44. Be3 Kc3 45. Bc1 Rxd4 46. Bb2+ Kd3 47. Bxd4
Kxe2 48. h4 c5 49. Be5 Kd3 50. h5 c4 51. h6 c3 52. h7 c2 53. Bb2 Kd2 54. h8=Q
c1=Q+ 55. Bxc1+ Kxc1 56. Qc3+ Kb1 57. Qxb3+ Ka1 58. Qxb7 e5 59. Kf2 e4 60. Ke2
e3 61. Kxe3 Ka2 62. Kd2 Ka3 63. Kc3 Ka2 64. Qb2# 1-0

[Event "Mistrzostwa Polski Mlodzikow do lat 10 - Chlopcy"]
[Site "Karpacz"]
[Date "1899-12-30"]
[Round "4.9"]
[White "Herwy, Jakub"]
[Black "Malinowski, Szymon"]
[Result "1/2-1/2"]
[WhiteTitle "II"]
[BlackTitle "II+"]
[WhiteElo "1207"]
[BlackElo "1360"]

1. e4 e5 2. Nf3 Nc6 3. Bc4 Bc5 4. d3 d6 5. h3 Nf6 6. Bg5 Be6 7. Bb3 Qd7 8. Nc3
h6 9. Bxf6 gxf6 10. Nd5 Bxd5 11. Bxd5 f5 12. Qd2 fxe4 13. dxe4 O-O-O 14. c3 f5
15. exf5 Qxf5 16. Bxc6 bxc6 17. b4 Bb6 18. a4 a5 19. Qe2 e4 20. Nd2 Rhe8 21. Nc4
Kb7 22. bxa5 Bxa5 23. Rb1+ Kc8 24. Nxa5 Qxa5 25. Qc4 Kd7 26. O-O Qg5 27. Qe2 h5
28. Rb4 Rg8 29. Qxe4 Rde8 30. Qf3 Ref8 31. Qg3 Qd5 32. Qh2 Rf7 33. h4 Rfg7 34.
Qh3+ Qe6 35. Qxe6+ Kxe6 36. g3 c5 37. Rf4 Rg4 38. Re1+ Kd7 39. Ree4 R4g7 40. Rf5
Rh7 41. Kf1 Rb8 42. Ke2 Rb2+ 43. Kd3 Rb1 44. Kc2 Rf1 45. Kd2 Ra1 46. Ke3 c6 47.
Rc4 Kc7 48. Rcf4 Kb6 49. Rf6 Re7+ 50. Kf3 Rd1 51. Kg2 d5 52. a5+ Kb5 53. R4f5
Rc1 54. Rxh5 Rxc3 55. g4 Rc4 56. g5 d4 57. g6 d3 58. Rd6 1/2-1/2

[Event "Mistrzostwa Polski Mlodzikow do lat 10 - Chlopcy"]
[Site "Karpacz"]
[Date "1899-12-30"]
[Round "4.10"]
[White "Adamala, Jacek"]
[Black "Jaworski, Tymon"]
[Result "0-1"]
[WhiteTitle "II"]
[BlackTitle "II"]
[WhiteElo "1360"]
[BlackElo "1166"]

1. e4 e5 2. d4 exd4 3. Nf3 Nc6 4. Bc4 Nf6 5. e5 d5 6. Bb5 Ne4 7. Nxd4 Bd7 8. Bxc6
bxc6 9. O-O Bc5 10. f3 Ng5 11. f4 Ne6 12. Be3 O-O 13. f5 Nxd4 14. Bxd4 Bxd4+ 15.
Qxd4 Qg5 16. f6 Rfe8 17. fxg7 Qxe5 18. Qxe5 Rxe5 19. Nd2 Kxg7 20. Rf2 Rae8 21.
Raf1 R8e7 22. Rf3 Re2 23. Rd1 Re1+ 24. Rxe1 Rxe1+ 25. Kf2 Ra1 26. Ra3 Rc1 27.
Rxa7 Rxc2 28. Ke1 Rxb2 29. Rxc7 Be6 30. a4 Rb6 31. a5 Ra6 32. Nb3 Kf6 33. Ke2
Ke5 34. Ke3 Kd6 35. Rb7 c5 36. Rb6+ Rxb6 37. axb6 d4+ 38. Nxd4 cxd4+ 39. Kxd4
Bf5 40. b7 Kc7 41. b8=Q+ Kxb8 42. Ke5 Bg6 43. g4 Kc7 44. g5 Kd7 45. h4 Ke7 46.
Kf4 f6 47. gxf6+ Kxf6 48. Kg4 Bf5+ 49. Kh5 Ke5 50. Kg5 Ke4 51. h5 Ke5 52. h6 Bg6
53. Kh4 Kf4 54. Kh3 Kg5 55. Kg3 Kxh6 56. Kh4 Kg7 57. Kg5 h6+ 58. Kh4 Kf6 59. Kg4
h5+ 60. Kh4 Kf5 61. Kh3 Kg5 62. Kg3 Be4 63. Kh3 h4 64. Kh2 Kg4 65. Kg1 Kg3 66.
Kf1 h3 67. Kg1 h2+ 68. Kf1 h1=Q+ 69. Ke2 Qf3+ 70. Kd2 Qd3+ 71. Kc1 Qc2# 0-1

[Event "Mistrzostwa Polski Mlodzikow do lat 10 - Chlopcy"]
[Site "Karpacz"]
[Date "1899-12-30"]
[Round "4.11"]
[White "Krol, Jan"]
[Black "Doskocz, Karol"]
[Result "0-1"]
[WhiteTitle "II"]
[BlackTitle "II"]
[WhiteElo "1206"]
[BlackElo "1311"]

1. e4 c5 2. Nf3 d6 3. d4 cxd4 4. Nxd4 g6 5. Nc3 Bg7 6. Bb5+ Bd7 7. Bxd7+ Nxd7 8.
Be3 Ngf6 9. O-O O-O 10. Qd2 Ng4 11. Nde2 Nxe3 12. Qxe3 a6 13. f4 Rc8 14. f5 Ne5
15. Qg3 Qb6+ 16. Kh1 Qxb2 17. Rab1 Qxc2 18. Rxb7 Nd3 19. Rd1 Bxc3 20. Qxd3 Bf6
21. Rbb1 Qxd3 22. Rxd3 Rc2 23. Nf4 Rfc8 24. Rdd1 Rxa2 25. Nd5 Kg7 26. Rf1 Rcc2
27. Nb4 Rxg2 28. Nxa2 Rxa2 29. Rg1 Re2 30. Rbe1 Rxe1 31. Rxe1 a5 32. Rb1 Bc3 33.
Rb7 Kf6 34. fxg6 hxg6 35. Kg2 Ke6 36. Kf3 Bb4 37. h3 d5 38. Rb6+ Ke5 39. exd5
Kxd5 40. Rb8 Kc4 41. Ke2 g5 42. Ra8 Kd4 43. Rd8+ Ke4 44. Rg8 f6 45. Kd1 Kf4 46.
Rh8 Kf3 47. Rd8 Kg2 48. Rd3 f5 49. Rd5 e6 50. Re5 Kxh3 51. Rxe6 f4 52. Re5 g4
53. Ke2 Kg2 54. Re4 f3+ 55. Kd1 g3 56. Re3 f2 57. Re2 Kg1 58. Kc2 f1=Q 59. Re3
Qf2+ 60. Re2 Qxe2+ 0-1

[Event "Mistrzostwa Polski Mlodzikow do lat 10 - Chlopcy"]
[Site "Karpacz"]
[Date "1899-12-30"]
[Round "4.12"]
[White "Sniadecki, Oskar"]
[Black "Trzebinski, Patryk"]
[Result "1-0"]
[WhiteTitle "III"]
[BlackTitle "II"]
[WhiteElo "1196"]
[BlackElo "1293"]

1. d4 Nf6 2. Nf3 d5 3. Bf4 Bf5 4. e3 e6 5. c3 c5 6. Qb3 Qd7 7. Bb5 Nc6 8. Ne5 Qc8
9. Nxc6 bxc6 10. Ba4 c4 11. Qd1 Qb7 12. Nd2 Bd3 13. Nf3 Be7 14. Ne5 Rc8 15. Nxd3
cxd3 16. Rb1 O-O 17. Qxd3 Nh5 18. Bc2 f5 19. O-O Nxf4 20. exf4 Bd6 21. g3 Qf7
22. Bd1 Qg6 23. Bf3 Bxf4 24. Bg2 Bd6 25. Rfe1 Rfe8 26. Re2 c5 27. Qa6 f4 28. Rbe1
Rcd8 29. Qxa7 Re7 30. Qa5 Rf8 31. dxc5 Bc7 32. Qa6 f3 33. Rxe6 Rxe6 34. Rxe6 Qb1+
35. Bf1 Qxb2 36. Re7 Qb8 37. Qe6+ Kh8 38. Qg4 Be5 39. c6 Bf6 40. Rb7 Qd6 41. c7
Qc6 42. Rb8 Qd6 43. Rxf8+ Qxf8 44. c8=Q Bd8 45. Qh4 Be7 46. Qxe7 Qxc8 47. Bh3
Qb8 48. Qb4 Qe8 49. a4 g5 50. Qd4+ Kg8 51. Qxd5+ Kh8 52. Qe6 Qd8 53. Qe5+ Kg8
54. Be6+ Kf8 55. Qh8+ Ke7 56. Qxd8+ Kxd8 57. Bg4 h5 58. Bxh5 g4 59. Bxg4 Kc7 60.
Bxf3 Kd6 61. h4 Ke6 62. h5 Kf6 63. a5 Ke6 64. a6 Kd6 65. a7 Kc5 66. a8=Q Kc4 67.
Qd5+ Kxc3 68. Kf1 Kc2 69. Ke2 Kc3 70. Qd3+ Kb2 71. Qc4 Ka1 72. Qb5 Ka2 73. Kd2
Ka3 74. Kc2 Ka2 75. Qa4# 1-0

[Event "Mistrzostwa Polski Mlodzikow do lat 10 - Chlopcy"]
[Site "Karpacz"]
[Date "1899-12-30"]
[Round "4.13"]
[White "Krawczyk, Flawian"]
[Black "Filipiak, Adam"]
[Result "1-0"]
[WhiteTitle "II"]
[BlackTitle "III"]
[WhiteElo "1292"]
[BlackElo "1160"]

1. e4 d6 2. d4 Nf6 3. Nc3 g6 4. Nf3 Bg7 5. Bc4 O-O 6. O-O Bg4 7. h3 Bxf3 8. Qxf3
e5 9. dxe5 dxe5 10. Be3 Qe7 11. Bg5 h6 12. Bxf6 Bxf6 13. Nd5 Qc5 14. Nxf6+ Kg7
15. Bb3 c6 16. Ng4 h5 17. Qf6+ Kg8 18. Bxf7+ Rxf7 19. Nh6+ Kh7 20. Nxf7 Nd7 21.
Ng5+ Kh6 22. Nf7+ Kh7 23. Qd6 Qxd6 24. Nxd6 1-0

[Event "Mistrzostwa Polski Mlodzikow do lat 10 - Chlopcy"]
[Site "Karpacz"]
[Date "1899-12-30"]
[Round "4.14"]
[White "Bartoszczuk, Adam"]
[Black "Rylski, Tadeusz"]
[Result "0-1"]
[WhiteTitle "III"]
[BlackTitle "II"]
[WhiteElo "1142"]
[BlackElo "1241"]

1. e4 c5 2. Nf3 g6 3. c3 Bg7 4. d4 cxd4 5. cxd4 Nc6 6. Nc3 Qb6 7. Nd5 Qd8 8. Be3
Nf6 9. Nc3 O-O 10. Be2 Qc7 11. Rc1 a6 12. O-O Ng4 13. Nd5 Qd8 14. Bf4 d6 15. h3
Nf6 16. Nc3 Bd7 17. Qd2 Rc8 18. Bh6 Qb6 19. Bxg7 Kxg7 20. Na4 Qb4 21. Nc3 Na5
22. a3 Qb6 23. Nd5 Nxd5 24. Qg5 Nf6 25. e5 dxe5 26. dxe5 Ng8 27. Rcd1 Bb5 28.
Nd4 Bxe2 29. Nxe2 Nc6 0-1

[Event "Mistrzostwa Polski Mlodzikow do lat 10 - Chlopcy"]
[Site "Karpacz"]
[Date "1899-12-30"]
[Round "4.16"]
[White "Kopaniewski, Wojciech"]
[Black "Janeczko, Jakub"]
[Result "1-0"]
[WhiteTitle "II"]
[BlackTitle "II"]
[WhiteElo "1370"]
[BlackElo "1128"]

1. e4 e5 2. Nf3 Nc6 3. Bc4 Nf6 4. d4 exd4 5. O-O Bc5 6. Bg5 d6 7. Nbd2 Bg4 8. Nb3
Bb6 9. Bb5 O-O 10. Bxc6 bxc6 11. Nbxd4 Bxd4 12. Qxd4 Bxf3 13. gxf3 c5 14. Qc3
Nxe4 15. Qxg7+ Kxg7 16. Bxd8 Rfxd8 17. fxe4 Re8 18. f3 Rab8 19. b3 Rb4 20. c3
Rbb8 21. Rf2 Re6 22. Rd1 Rg6+ 23. Rg2 Rxg2+ 24. Kxg2 c4 25. b4 a5 26. a3 axb4
27. axb4 Rb6 28. Rd4 Rc6 29. Kg3 Kf6 30. Kg4 Kg6 31. Kf4 Kf6 32. Kg3 Kg6 33. f4
f5 34. e5 dxe5 35. fxe5 Kf7 36. Kf4 Kg6 37. Rd7 h6 38. h3 h5 39. h4 Kh6 40. Kxf5
Rg6 41. Rxc7 Rg4 42. e6 Rg1 43. e7 Rg4 44. e8=Q Rf4+ 45. Ke6 Rf6+ 46. Kd7 Rf7+
47. Kc8 1-0

[Event "Mistrzostwa Polski Mlodzikow do lat 10 - Chlopcy"]
[Site "Karpacz"]
[Date "1899-12-30"]
[Round "4.17"]
[White "Musial, Igor"]
[Black "Gromek, Pawel"]
[Result "0-1"]
[WhiteTitle "II"]
[BlackTitle "II"]
[WhiteElo "1258"]
[BlackElo "1231"]

1. e4 e6 2. d4 d5 3. Nc3 Bb4 4. e5 c5 5. a3 Bxc3+ 6. bxc3 Ne7 7. Nf3 Qc7 8. Bd2
cxd4 9. cxd4 Nbc6 10. c3 O-O 11. Bd3 Na5 12. Qc2 h6 13. O-O Nc4 14. Bxc4 Qxc4
15. Bf4 b6 16. Rfe1 Ba6 17. Nd2 Qc7 18. Nf1 Bxf1 19. Rxf1 Rfc8 20. Bd2 Qc4 21.
Qb2 Nc6 22. Rab1 Na5 23. Rfc1 Rc7 24. h3 Rac8 25. f4 Qd3 26. Rd1 Qa6 27. Be1 Nc4
28. Qb3 Qxa3 29. Qxa3 Nxa3 30. Ra1 Nc2 31. Ra2 Nxe1 32. Rxe1 Rxc3 33. Rxa7 Rb8
34. Rd1 b5 35. Kh2 b4 36. Raa1 b3 37. Rab1 b2 38. g4 Rc2+ 39. Kg3 g5 40. f5 Rb3+
0-1

[Event "Mistrzostwa Polski Mlodzikow do lat 10 - Chlopcy"]
[Site "Karpacz"]
[Date "1899-12-30"]
[Round "4.18"]
[White "Karp, Kacper"]
[Black "Podlewski, Szymon"]
[Result "1/2-1/2"]
[WhiteTitle "II"]
[BlackTitle "II"]
[WhiteElo "1078"]
[BlackElo "1243"]

1. e4 e5 2. Nf3 d6 3. d4 Nf6 4. Nc3 Nbd7 5. Bc4 Be7 6. O-O O-O 7. Be3 c6 8. Bb3
b5 9. Qd2 b4 10. Ne2 Nxe4 11. Qxb4 d5 12. Qe1 exd4 13. Nexd4 Qc7 14. Nf5 Bf6 15.
Qc1 Ne5 16. N5d4 Nxf3+ 17. gxf3 Nd6 18. Kh1 Nf5 19. Nxf5 Bxf5 20. Rg1 Rfe8 21.
Rg2 d4 22. Bf4 Qb7 23. Ba4 Re2 24. Bh6 Rae8 25. Qf4 Re1+ 26. Rxe1 Rxe1+ 27. Rg1
Rxg1+ 28. Kxg1 Bg6 29. Bxc6 Qxb2 30. Bg5 Bxg5 31. Qxg5 h6 32. Qe7 Qxc2 33. Bd5
d3 34. Be4 Bxe4 35. Qe8+ Kh7 36. Qxe4+ Kg8 37. Qe8+ Kh7 38. Qe4+ Kg8 39. Qe8+
Kh7 40. Qe4+ 1/2-1/2

[Event "Mistrzostwa Polski Mlodzikow do lat 10 - Chlopcy"]
[Site "Karpacz"]
[Date "1899-12-30"]
[Round "4.19"]
[White "Wolski, Michal"]
[Black "Leski, Franciszek"]
[Result "1/2-1/2"]
[WhiteTitle "II"]
[BlackTitle "III"]
[WhiteElo "1165"]
[BlackElo "1071"]

1. e4 Nf6 2. e5 Nd5 3. Nc3 Nxc3 4. dxc3 Nc6 5. Nf3 g6 6. Bc4 Bg7 7. Qe2 O-O 8.
Bf4 d6 9. O-O-O Qe8 10. h3 a6 11. g4 b5 12. Bb3 Bb7 13. Rh2 b4 14. cxb4 Nxb4 15.
c3 Bxf3 16. Qxf3 dxe5 17. cxb4 exf4 18. Qxf4 Qb5 19. Rhh1 Rac8 20. Bc4 Qb6 21.
Kb1 a5 22. b5 c6 23. Qe3 Qxe3 24. fxe3 Rb8 25. a4 cxb5 26. Bxb5 Bh6 27. e4 Rbd8
28. Rhf1 e6 29. Rd3 Bg5 30. Rfd1 Rxd3 31. Rxd3 Rd8 32. Rxd8+ Bxd8 33. Kc2 Kf8
34. Kd3 e5 35. Kc4 Ke7 36. b4 Kd6 37. Be8 Ke7 38. Bc6 Kf6 39. h4 Kg7 40. b5 Bb6
41. Kd5 f6 42. Ke6 Bd4 43. g5 fxg5 44. hxg5 h6 45. gxh6+ Kxh6 46. Kf6 Kh5 47.
Bd7 g5 48. Ke7 Bb6 49. Kd6 Bd4 50. Kc7 g4 51. Bxg4+ Kxg4 52. b6 Kf4 53. b7 Ba7
1/2-1/2

[Event "Mistrzostwa Polski Mlodzikow do lat 10 - Chlopcy"]
[Site "Karpacz"]
[Date "1899-12-30"]
[Round "4.20"]
[White "Bartodziej, Bartosz"]
[Black "Warchol, Kamil"]
[Result "0-1"]
[WhiteTitle "II"]
[BlackTitle "II"]
[WhiteElo "1263"]
[BlackElo "1178"]

1. d4 Nf6 2. c4 e6 3. Nf3 Bb4+ 4. Bd2 Bxd2+ 5. Nbxd2 b6 6. g3 Bb7 7. Bg2 O-O 8.
O-O d5 9. Ne5 Nbd7 10. Nxd7 Qxd7 11. Rc1 Rfe8 12. Qc2 Rac8 13. Qb3 Red8 14. c5
Ba6 15. c6 Qe8 16. Rfe1 Ra8 17. Qa4 Bc8 18. Nb1 a6 19. b4 Rb8 20. Na3 b5 21. Qa5
Rb6 22. Rc3 Rxc6 23. Rec1 Rdd6 24. Nb1 Rxc3 25. Nxc3 Rc6 26. Qa3 Bb7 27. Rd1 Rd6
28. Qb2 e5 29. Nxb5 axb5 30. dxe5 Re6 31. exf6 Rxe2 32. Qc3 Qe5 33. Qxe5 Rxe5
34. Rc1 c6 35. fxg7 Kxg7 36. Kf1 Kf6 37. Re1 Rxe1+ 38. Kxe1 Ke5 39. Ke2 Kd4 40.
f4 Bc8 41. h3 h5 42. h4 Kc4 43. Bf3 Kxb4 44. Bxh5 Ka3 45. Bxf7 Bf5 46. h5 Kxa2
47. Kd2 b4 48. h6 b3 49. g4 b2 50. gxf5 b1=Q 51. h7 Qa1 52. Bg6 Qg7 53. Kd3 c5
54. f6 Qxg6+ 0-1

[Event "Mistrzostwa Polski Mlodzikow do lat 10 - Chlopcy"]
[Site "Karpacz"]
[Date "1899-12-30"]
[Round "4.21"]
[White "Kubaszewski, Piotr"]
[Black "Wierzbicki, Dawid"]
[Result "1-0"]
[WhiteTitle "II"]
[BlackTitle "II"]
[WhiteElo "1180"]
[BlackElo "1441"]

1. e4 d6 2. d4 Nf6 3. Nc3 c6 4. f4 Qb6 5. Nf3 Bg4 6. Be2 Bxf3 7. Bxf3 e6 8. Qd3
d5 9. e5 Nfd7 10. b3 a6 11. Be3 Bb4 12. O-O g6 13. a3 Bf8 14. Qe2 c5 15. Na4 Qc7
16. dxc5 Nc6 17. b4 Bg7 18. Nb6 Nxb6 19. cxb6 Qd8 20. Bc5 Bf8 21. Bxf8 Kxf8 22.
Qf2 Qe7 23. Rac1 Kg7 24. c4 dxc4 25. Rxc4 Rac8 26. Rfc1 Rhd8 27. Bxc6 bxc6 28.
Qf3 Qb7 29. Rxc6 Rxc6 30. Qxc6 Rd1+ 31. Kf2 Rd7 32. Qxb7 Rxb7 33. Rc6 Kf8 34.
a4 Ke7 35. a5 Kd7 36. Rd6+ Ke7 37. Ke3 f6 38. Kd4 g5 39. g3 Rb8 40. Kc5 Rc8+ 41.
Rc6 Rd8 42. b7 fxe5 43. fxe5 1-0